Normal view MARC view
  • Irving R G

Entry Personal Name

Number of records used in: 1

001 - CONTROL NUMBER

  • control field: 28460

003 - CONTROL NUMBER IDENTIFIER

  • control field: OSt

005 - DATE AND TIME OF LATEST TRANSACTION

  • control field: 20220803173315.0

008 - FIXED-LENGTH DATA ELEMENTS

  • fixed length control field: 220803|| aca||aabn | a|a d

040 ## - CATALOGING SOURCE

  • Original cataloging agency: OSt
  • Transcribing agency: OSt

100 ## - HEADING--PERSONAL NAME

  • Personal name: Irving R G

670 ## - SOURCE DATA FOUND

  • Source citation: Work cat.: (OSt)18014: Irving R G, Indian Summer : Lutyens Baker And Imperial Delhi, 1981